000 00312nam a22001337a 4500
020 _a0-00-674848-1
082 _a823
_bAND/C
100 _aSCOULAR ANDERSON
245 _aCLOGPOTS IN SPACE
260 _aUNITED KINGDOM
_bCOLLINS
_c1994
300 _a64
650 _aCHILDREN'S STORY BOOKS
_zUNITED KINGDOM
942 _cBK
999 _c52
_d52